Oakland Athletics Final Game Lineup - Statistics

General Stats
  • This quiz has been taken 7 times
  • The average score is 10 of 15
Answer Stats
Hint Answer % Correct
1. Lawrence Butler
100%
5. Tyler Soderstrom
100%
2. Brent Rooker
86%
9. Jacob Wilson
86%
7. Seth Brown
86%
8. Max Schuemann
71%
4. Shea Langeliers
71%
6. Zack Gelof
71%
3. J.J. Bleday
57%
SP J.T. Ginn
57%
MG Mark Kotsay
57%
CP Mason Miller
57%
RP T.J. McFarland
57%
RP Michel Otanez
29%
RP Tyler Ferguson
29%
No matching quizzes found
Score Distribution
Percent of People with Each Score
Percentile by Number Answered
Your Score History
You have not taken this quiz